| 000 | 00000nam 2200000za 4500 |
| 001 | 9.643848 |
| 003 | CaOODSP |
| 005 | 20240624082232 |
| 007 | cr ||||||||||| |
| 008 | 150407|1962||||xxc|||||o f|0| 0 fre d |
| 040 | |aCaOODSP|bfre |
| 043 | |an-cn--- |
| 086 | 1 |aZ1-1961/1F-PDF |
| 245 | 00|aRapport du Comité d'enquête relatif à la Loi sur l'assurance-chômage |h[ressource électronique] / |cErnest C. Gill, président. |
| 260 | |aOttawa : |bBureau du Conseil privé, |c1962. |
| 300 | |a122, 110 p. : |bgraphiques |
| 500 | |a« Novembre 1962. » |
| 500 | |aPublication historique numérisée en 2008 par le Bureau du Conseil privé du Canada. |
| 590 | |a15-04-Supp|b2015-03-19 |
| 691 | 07|aAssurance-emploi|2gcpds |
| 691 | 07|aCommission d'enquête|2gcpds |
| 710 | 1 |aCanada. |bBureau du Conseil privé. |
| 775 | 08|tReport of the Committee of Inquiry into the Unemployment Insurance Act / |w(CaOODSP)9.699894 |
| 856 | 40|ahttp://publications.gc.ca|qPDF|s5.42 Mo|uhttps://publications.gc.ca/collections/collection_2014/bcp-pco/Z1-1961-1-1-fra.pdf |
| 856 | 40|ahttp://publications.gc.ca|qPDF|s5.22 Mo|uhttps://publications.gc.ca/collections/collection_2014/bcp-pco/Z1-1961-1-2-fra.pdf |